000 00304nam a22001337a 4500
008 170731b xxu||||| |||| 00| 0 eng d
020 _a9780131103627
041 _aeng
080 _22ND
_a004
100 _a32
101 _aSHK
245 _aTHE C PROGRAMMING LANGUAGE
_cKERNIGHAN,B.W
942 _2udc
_cBK
999 _c22180
_d22180